| 000 | 01415nam a2200409 i 4500 | ||
|---|---|---|---|
| 001 | 11511 | ||
| 003 | KOSZ 005 | ||
| 005 | 20200819110800.0 | ||
| 008 | 080411s1964 pl a f f 000 0 pol | ||
| 015 | _aPB 1965/557 | ||
| 040 |
_aWA N _cWA N _dKOSZ 005/RW _dKOSZ 005/HR |
||
| 046 | _k1964 | ||
| 080 | _a532/533 | ||
| 100 | 1 |
_aWalden, Henryk _d(1917-2007) _eAutor |
|
| 245 | 1 | 0 |
_aMechanika cieczy i gazów. _nCz. 2 / _cHenryk Walden, Jerzy Stasiak. |
| 260 |
_aWarszawa : _bPaństwowe Wydawnictwo Naukowe, _c1964. |
||
| 300 |
_aS. [2], 313-604, [1] : _bil. ; _c24 cm. |
||
| 336 |
_2rdacontent _aTekst _btxt |
||
| 337 |
_2rdamedia _aBez urządzenia pośredniczącego _bn |
||
| 338 |
_2rdacarrier _aWolumin _bnc |
||
| 380 | _aKsiążki | ||
| 380 | _aPublikacje dydaktyczne | ||
| 385 |
_mPoziom nauczania _aSzkoły wyższe |
||
| 388 | _a1901-2000 | ||
| 388 | _a1945-1989 | ||
| 521 | 8 | _aSkrypt dla studentów wyższych szkół technicznych. | |
| 580 | _aCz. 1 poz. 8432/64. | ||
| 650 | 4 | _aAeromechanika | |
| 650 | 4 | _aCiecze | |
| 650 | 4 | _aMechanika płynów | |
| 655 | 4 | _aPodręczniki akademickie | |
| 658 | _aFizyka i astronomia | ||
| 700 | 1 |
_aStasiak, Jerzy _eAutor |
|
| 710 | 2 |
_aPaństwowe Wydawnictwo Naukowe _4pbl. |
|
| 856 |
_uhttp://koha.tu.koszalin.pl/cgi-bin/koha/opac-detail.pl?biblionumber=11511 _yKatalog online BPK |
||
| 942 |
_2UKD _cKS |
||
| 999 |
_c11511 _d11511 |
||